Ohlasovacia povinnosť v kontexte dištančnej krízovej intervencie na linkách pomoci kríza a dištančná forma krízovej intervencie : príručka pre odborných zamestnancov a krízové linky pomoci

Bibliographic Details
Main Authors: Madro, Marek, 1986- (Author), Katrušín, Boris, 1985- (Author)
Format: Book
Language:Slovak
PhysicalDescription:181 strán grafy, tabuľky 21 cm
Published: Bratislava IPčko 2021
ISBN:9788099978011
Edition:Prvé vydanie
Subjects:

MARC

LEADER 00000nam a2200000 4500
001 vtls012069811
003 SK-MaSNL
005 20260301054657.0
008 210921s2021 xo dl f f 000 0 slo
015 |a SNBA2021/10 
020 |a 9788099978011  |q (brožované) 
040 |a SNK  |b slo  |c SNK  |e rda 
041 0 |a slo 
044 |a xo  |c SK 
072 7 |a 364-1/-7  |x Druhy sociálnej pomoci a služieb  |2 konspekt 
080 |a 364-7  |2 2011 
080 |a 614.88-051  |2 2011 
080 |a 316.4.063.34  |2 2011 
080 |a 364-782-022.326.5  |2 2011 
080 |a 316.772:005.931  |2 2011 
080 |a 364-787.3  |2 2011 
080 |a (072)  |2 2011 
100 1 |a Madro, Marek,  |d 1986-  |4 aut  |9 212384 
245 1 0 |a Ohlasovacia povinnosť v kontexte dištančnej krízovej intervencie na linkách pomoci  |b kríza a dištančná forma krízovej intervencie : príručka pre odborných zamestnancov a krízové linky pomoci  |c Marek Madro, Boris Katrušín 
246 3 0 |a Kríza a dištančná forma krízovej intervencie 
250 |a Prvé vydanie 
264 1 |a Bratislava  |b IPčko  |c 2021 
300 |a 181 strán  |b grafy, tabuľky  |c 21 cm 
336 |a text  |b txt  |2 rdacontent 
337 |a bez média  |b n  |2 rdamedia 
338 |a zväzok  |b nc  |2 rdacarrier 
504 |a Bibliografia na strane 174-181 
650 0 7 |a sociálne služby  |2 SNKPH  |9 3721 
650 0 7 |a krízová intervencia  |2 SNKPH  |9 4330 
650 0 7 |a krízová komunikácia  |2 SNKPH  |9 79842 
650 0 7 |a psychosociálna pomoc  |2 SNKPH  |9 81469 
650 0 7 |a záchranári  |2 SNKPH  |9 30207 
650 0 7 |a spolupráca  |2 SNKPH  |9 20291 
650 0 7 |a Social service  |2 SNKPHeng  |9 267835 
650 0 7 |a Rescuers  |2 SNKPHeng  |9 325259 
650 0 7 |a Cooperation  |2 SNKPHeng  |9 274391 
650 0 7 |a Crisis intervention  |2 SNKPHeng  |9 317127 
650 0 7 |a Crisis communication  |2 SNKPHeng  |9 367084 
650 0 7 |a Psychosocial aid  |2 SNKPHeng  |9 342569 
655 7 |a metodické príručky  |2 SNKPH  |9 70250 
655 7 |a Methodological manuals  |2 SNKPHeng  |9 270866 
700 1 |a Katrušín, Boris,  |d 1985-  |4 aut  |9 212385 
919 |a 978-80-99978-01-1 
958 |a NB 
999 |c 611549  |d 613479 
952 |a SNK  |b SNK  |y PREZ  |7 0  |p 17A1459099  |o snkSC 194352  |i snk2021/13276  |8 0  |0 0  |1 0  |4 0  |d 2021-09-21  |f 1  |l 0  |r 2025-10-14 00:00:00  |w 2026-02-23 
952 |a SNK  |b SNK  |y VYP  |7 0  |p 17A1459100  |o snkSC 194352 D1  |i snk2021/13277  |8 0  |0 0  |1 0  |4 0  |d 2021-09-21  |l 0  |r 2026-02-23 16:25:46  |w 2026-02-23